000 00486nam a22001697a 4500
005 20251108165824.0
008 250721s1997 xx 000 0 ara d
082 1 4 _aط/214.2/محم
100 1 _aبرانق، محمد أحمد
245 1 0 _aآدم عليه السلام /
264 1 _aالقاهرة :
_bدار المعارف،
_c1997.
300 _a31ص0
490 0 _aمجموعة قصص الانبياء،1
650 1 7 _aالانبياء
942 _2ddc
_cBK
999 _c32165
_d32165